000 00519nam a2200169 4500
001 127325
003 ES-MaACL
005 20230906193007.0
007 t|
008 070214s1934 xxk r ||||1| eng d
100 1 _aRichardson, Albert Edward.
_996927
245 1 4 _aThe old inns of England /
_cby A. E. Richardson ; with a foreword by Sir Edwin Lutyens.
260 _aLondon :
_bB. T. Batsford,
_c1934.
300 _aVIII, 118 p. :
_bil. ;
_c23 cm.
700 1 _aLutyens, Edwin.
_974883
852 _aES-MaACL
_jA-2840
999 _c127325
_d127325